000 00223nam a2200097Ia 4500
008 240331s9999 xx 000 0 und d
082 _bMOR
100 _aMorris,B
245 0 _aWestern conceptions of the individual
942 _cL
999 _c2203
_d2203